000 01784nam0a2200373 i 4500
001 RU\NLR\BIBL_A\011526953
005 20240921201318.0
010 _a9785990935600
010 _a978-5-9904948-5-5
_920
021 _aRU
_b2017-79662
_95685
035 _a(RuMoRGB)009426999
035 _a(NLR Aleph) 011526953
090 _a12125391
_c12125391
100 _a20171115d2017 u y0rusy50 ca
101 0 _arus
102 _aRU
105 _ay|||z|||000yy
200 1 _aПрограмма "Электронный юрист"
210 _aМосква
_c[б. и.]
_d2017
215 _a[180] с.
_d30
300 _aБез тит. л. Описано по обл.
606 1 _aГражданский процесс
_xДокументация
_yРоссийская Федерация
_92166353
_3RU\NLR\AUTH\661303439
606 1 _aАрбитражный процесс
_xДокументация
_yРоссийская Федерация
_92166357
_3RU\NLR\AUTH\661303441
606 1 _aАдминистративный процесс
_xДокументация
_yРоссийская Федерация
_92220888
_3RU\NLR\AUTH\661333588
606 1 _aУголовный процесс
_xДокументация
_yРоссийская Федерация
_92166354
_3RU\NLR\AUTH\661303440
686 _aХ629.2я49
_2rubbk
686 1 _aХ621.033.21
686 1 _aХ629.2-9
686 1 _aХ629.221-9
686 1 _aХ629.3
942 _cBOOK
980 _aNBR